| 000 | 00412nam a2200145Ia 4500 | ||
|---|---|---|---|
| 008 | 230917s9999||||xx |||||||||||||| ||und|| | ||
| 040 |
_e188529 _aMAIN |
||
| 041 | _aEnglish | ||
| 082 | _a300.72 F641I | ||
| 100 | _aFlick, Uwe | ||
| 245 | 0 | _aIntroducing research Methodology: A beginner's guide to doing a research project | |
| 260 |
_aLondon _bSage Publications _c2011 |
||
| 300 | _axvii, 271 p. | ||
| 942 | _cBK | ||
| 999 |
_c159979 _d159979 |
||